Les personnages de Joueur du Grenier par Images #3 - Statistiques

Statistiques générales
  • Ce quiz a été pris 50 fois
  • Le résultat moyen est 7 sur 18
Statistiques - réponses
Par images Réponse % Correct
Texas Granger
88%
Hagrid
81%
Frangipanus
69%
Olivier Minne
62%
Gérard Choixpeau
60%
Joueuse du Grenier
57%
Oracle
43%
Red Skull
40%
Sylvain, fils de Sylvain, roi des Elfes
36%
Carmen Sandiego
31%
Gerbold Ollivander
29%
Drake du Clan des 99 Dragons
21%
Roi Cornu
14%
Vieux Maître
10%
Sebastian Sallow
7%
Gustav (le méchant nazi)
5%
Benoît (de la Brigade Super-Sympa)
2%
Jean-Eudes Moustache
2%
Aucun quiz correspondant
Distribution des résultats
% des personnes avec chaque résultat
Percentile par nombre de réponses
Votre historique - résultats
Vous n’avez pas pris ce quiz